000 00677nac a22001691u 4500
020 _a8180140393
082 _a620.1
_bC45616
090 _c140
_d140
100 _aChandra, Ram
245 _aEngineering mechanics (Applied mechanics)
_b(A textbook for degree, diploma, I.E.T.E., A.M.I.E. and various branches of engineering)/
_cRam Chandra, Virendra Gehlot
250 _a(4th ed.)
260 _aDelhi
_bStandard publishers
_c2004
650 _aMechanics, applied
700 _4Gehlot, Virendra
942 _cBB
_k620.1C45616
999 _c140
_d140